ბათუმის შოთა რუსთაველის სახელმწიფო უნივერსიტეტის ბიბლიოთეკა

აფხაზთა ეთნოლოგია. (ბიბ.ჩანაწერი № 37748)

000 -LEADER
fixed length control field 00901nam a2200229Ia 4500
001 - CONTROL NUMBER
control field 3724
003 - CONTROL NUMBER IDENTIFIER
control field GE_BSU
008 - FIXED-LENGTH DATA ELEMENTS--GENERAL INFORMATION
fixed length control field 181216s||||||||xx |||||||||||||| ||und||
020 ## - INTERNATIONAL STANDARD BOOK NUMBER
International Standard Book Number 9789941174858
040 ## - CATALOGING SOURCE
Transcribing agency GE_BSU
080 ## - UNIVERSAL DECIMAL CLASSIFICATION NUMBER
Universal Decimal Classification number 39(479.224)
100 ## - MAIN ENTRY--PERSONAL NAME
Personal name ბახია–ოქრუაშვილი, სალომე.
245 ## - TITLE STATEMENT
Title აფხაზთა ეთნოლოგია.
245 ## - TITLE STATEMENT
Remainder of title სახელმძღვანლო ჰუმანიტარულ მეცნიერებათა შემსწავლელი სტუდენტებისათვის.
245 ## - TITLE STATEMENT
Statement of responsibility, etc. რედ. როლანდ თოფჩიაშვილი.
260 ## - PUBLICATION, DISTRIBUTION, ETC.
Place of publication, distribution, etc. თბილისი
260 ## - PUBLICATION, DISTRIBUTION, ETC.
Name of publisher, distributor, etc. უნივერსალი
260 ## - PUBLICATION, DISTRIBUTION, ETC.
Date of publication, distribution, etc. 2011
300 ## - PHYSICAL DESCRIPTION
Extent 245 გვ. 20 სმ.
653 ## - INDEX TERM--UNCONTROLLED
Uncontrolled term აფხაზთა ეთნოლოგია.
942 ## - ADDED ENTRY ELEMENTS (KOHA)
Koha item type წიგნი
ეგზემპლარები
Withdrawn status Lost status Source of classification or shelving scheme Damaged status Not for loan Permanent Location Current Location Shelving location Date acquired Full call number Barcode Date last seen Copy number Price effective from Koha item type Public note
          ბათუმის შოთა რუსთაველის სახელმწიფო უნივერსიტეტის მთავარი ბიბლიოთეკა ბათუმის შოთა რუსთაველის სახელმწიფო უნივერსიტეტის მთავარი ბიბლიოთეკა წიგნსაცავი 2018-12-17 39(479.224) ბ–37 5294 2018-12-17 5294 2018-12-17 წიგნი